000 00723nam a2200241 a 4500
999 _c2439
_d2439
005 20191217041718.0
008 140305b1998 ck ||||| |||| 00| 0 spa d
040 _aCO-BoIAVH
_cCO-BoIAVH
041 _aspa
044 _ack
090 _aIND-I
_b69
100 _aFajardo Patiño, Alirio
245 1 0 _aComercio de la fauna silvestre nativa y la problemática de su manejo en el país
260 _aBalboa
_bInderena
_c1998
300 _a60. páginas
650 1 4 _aComercio de especies
650 1 4 _aFauna silvestre
650 1 4 _aTráfico de especies
650 1 4 _aProductos derivados de la biodiversidad
650 1 4 _aInventarios
662 _aColombia
942 _cINFORME
_2z